000
00338nam a2200145Ia 4500
100
_a
Randolph/John F/ Finney/ R.L.
942
_c
BK
654
_a
calculus
245
_a
Calculus & analytic Geometry
260
_b
Prentice Hall of India
_a
New Jersey
_c
1961
082
_a
515.15
_b
RAN
300
_a
766
546
_a
ENGLISH
999
_c
22500
_d
22500